000 00599nam a2200205Ia 4500
008 150610s9999 xx 000 0 und d
020 _a9780545263559
050 _aPZ7
_b.W215576 .C364 2011  
100 _aWard, Rachel,
245 4 _aThe chaos /
_cRachel Ward.
250 _a1st American ed.
260 _aNew York : 
_bChicken House /Scholastic,
_c2011.
300 _a339 pages ; 
_c22 cm.
440 _aNumbers
520 _aFiction.
650 _aDeath
_bFiction.
650 _aGrandmothers
_xFiction.
650 _aInterpersonal relations
_xFiction.
650 _aOrphans
_bFiction.
999 _c287809
_d287809